Los métodos en teología.

Αποθηκεύτηκε σε:
Λεπτομέρειες βιβλιογραφικής εγγραφής
Κύριος συγγραφέας: Baena Bustamante, Gustavo (autor)
Άλλοι συγγραφείς: Martínez Morales, Darío (autor), Martínez Morales, Víctor M. (autor), Noratto Gutiérrez, José Alfredo (autor), Suárez Medina, Gabriel Alfonso (autor)
Μορφή: Άγνωστο
Έκδοση: Bogotá, Colombia: Pontificia Universidad Javeriana, 2007.
Έκδοση:Primera edición.
Σειρά:Colección Libros de Investigación Vicerrectoría Académica.
Θέματα:
Ετικέτες: Προσθήκη ετικέτας
Δεν υπάρχουν, Καταχωρήστε ετικέτα πρώτοι!

MARC

LEADER 00000 a2200000 4500
003 CL-VaPUC
005 20230418095326.0
008 230410t2007 ||||| |||| 00| 0 eng d
999 |c 439731  |d 439729 
020 |a 978-958-683-960-0 
040 |c Pontificia Universidad Católica de Valparaíso 
082 0 4 |a 230.072 BAE 2007  |2 21 
100 1 |a Baena Bustamante, Gustavo  |9 879319  |e autor 
245 1 4 |a Los métodos en teología. 
250 |a Primera edición. 
260 |a Bogotá, Colombia:  |b Pontificia Universidad Javeriana,   |c 2007. 
300 |a 185 páginas. 
490 0 |a Colección Libros de Investigación Vicerrectoría Académica. 
583 |k GC  |c 20230410 
650 |a Metodología en teología  |9 881343 
650 0 |a Teología   |9 258766  |x Investigaciones 
650 0 |a Teoría del conocimiento (Religión)  |9 255038 
700 |a Martínez Morales, Darío  |e autor  |9 881344 
700 |a Martínez Morales, Víctor M.  |e autor  |9 881345 
700 |a Noratto Gutiérrez, José Alfredo  |e autor  |9 881346 
700 |a Suárez Medina, Gabriel Alfonso  |e autor  |9 881347 
942 |2 ddc  |c BK 
952 |0 0  |1 0  |2 ddc  |4 0  |6 230_072000000000000_BAE_2007  |7 0  |8 A  |9 589525  |a BIBTEO  |b BIBTEO  |c GEN  |d 2023-04-06  |e 178  |g 6009.53  |i 5657052  |o 230.072 BAE 2007  |p 5657052  |r 2025-01-17  |t 1  |v 6009.53  |w 2023-04-06  |y BK  |k ICR